gyatbumps - travis gyat - Statistics

General Stats
  • This quiz has been taken 132 times
  • The average score is 34 of 82
Answer Stats
Answer % Correct
gyat
95%
gyat
95%
ohio
68%
ohio
68%
ohio
68%
rizz
66%
rizz
66%
sigma
66%
sigma
66%
skibidi
66%
skibidi
66%
skibidi
66%
skibidi
66%
skibidi
66%
to
62%
toilet
58%
toilet
58%
toilet
58%
toilet
58%
toilet
58%
be
52%
be
52%
be
52%
be
52%
be
52%
mine
46%
mine
46%
mine
46%
mine
46%
mine
46%
mine
46%
will
46%
will
46%
will
46%
will
46%
will
46%
yeah
43%
yeah
43%
yeah
43%
yeah
43%
yeah
43%
yeah
43%
the
35%
my
34%
my
34%
my
34%
on
34%
on
34%
on
34%
on
34%
town
34%
i'm
32%
i'm
32%
diamonds
29%
mind
29%
mind
29%
mind
29%
that
28%
grind
26%
sus
26%
too
26%
rizzlers
25%
rizzlers
25%
way
25%
big
23%
for
23%
imposters
23%
in
23%
me
23%
trust
20%
7:30
18%
bout
18%
night
18%
worried
18%
when
17%
around
15%
not
14%
ooo
14%
ooo
14%
sigmas
14%
you're
12%
with
11%
No matching quizzes found
Score Distribution
Percent of People with Each Score
Percentile by Number Answered
Your Score History
You have not taken this quiz